A Tutela Jurisdicional Efetiva

Detalles Bibliográficos
Autor principal: Lino, Estefńia Naiara da Silva
Formato: eBook
Lenguaje:portugués
Publicado: San Pablo: Letras Jurídicas Editora, 2013
Materias:
Acceso en línea:Acceso restringido

MARC

LEADER 00000nam a22000007a 4500
005 20200722231856.0
007 cr|||| ||||
008 200722s2013 br |||||s|||| 00||0 por d
020 |a 978-85-89917-98-8 
035 |a 31897 
040 |a vLex 
090 |c 10687  |d 10687 
100 1 |a Lino, Estefńia Naiara da Silva 
245 1 1 |a A Tutela Jurisdicional Efetiva  |h [Recurso electrn̤ico] /  |c Estefńia Naiara da Silva Lino 
256 |a Servicio en ln̕ea 
260 |a San Pablo:  |b Letras Jurídicas Editora,  |c 2013 
300 |a 1 recurso electrn̤ico 
500 |a Revoluȯ̂ industrial, capitalismo e globalizaȯ̂ sô conceitos que transformaram profundamente a sociedade contemporńea. Vr̀ios foram os avanȯs ocasionados pelas transformaė̳s decorrentes do modo de produȯ̂ capitalista; todavia, na busca pelo lucro, as vantagens deste sistema sô sentidas por pequena parte da populaȯ̂ mundial e a maioria restante nô tem tido sua dignidade respeitada. 
506 1 |a Disponible solo en los productos indicados  |d vLex Global  |d vLex Global (Academic Edition, excluding Law Schools)  |d vLex Global (U.S. Academic Edition, Law Schools)  |d vLex Global (U.S. Academic Edition, excluding Law Schools)  |d vLex Global (Academic Edition, Law Schools) 
650 0 4 |a Procedimiento Civil  |z Brasil 
740 0 |a vLex Libros (Servicio en ln̕ea) 
856 4 0 |u http://vlex.com/source/tutela-jurisdicional-efetiva-31897  |z Acceso restringido 
942 |c BOOK 
999 0 |a Civil Procedure